000 00623nam a22002177a 4500
003 UA-OsUOA
001 99709
007 ta
008 20130514b un ||||| |||| 00| 0 ukr d
100 _aТвардовский А.
090 _a821.161.1
_bТ26
942 _cBK
040 _aUA-OsUOA
_brus
_cUA-OsUOA
_dUA-OsUOA
245 _aРодина и чужбина
_bзаписки, очерки, рассказы
300 _a479 с.
955 _a3
041 _arus
080 _a821.161.1
260 _aМ.
_bСов. писатель
_c1959
650 7 _a82 Література. Літературознавство
_2UDC
999 _c385910
_d385910